000 00746nas a2200229 4500
001 BR9501816
003 BR-BrBNA
005 20231205093934.0
007 ta
008 230509b bl.|||p| |||| 00| 00por d
040 _aBR-BrBNA
_bpor
_cBiblioteca Nacional de Agricultura
041 _a(Pt)
072 _aM40
100 1 _aMiranda, P. de T. de C.
100 1 _aPereira, S.M.B.
245 1 _aMacroalgas bentonicas no manguezal do Rio Ceara (Ceara-Brasil). 2 - distribuicao em funcao das condicoes hidrologicas
650 _aAlga
650 _aBiologia
773 0 _tArquivos de Ciencias do Mar (Brazil)
_xISSN 0374-5686
_g(Jan-Dec 1989-1990), v. 28 p. 39-52
_wBR9501816
909 _a202311
_bLúcia
_c55
_dLúcia Elande
942 _2AGRIS
_n0
_cANA
999 _c141199
_d141199